| 000 | 01025nam a2200277 a 4500 | ||
|---|---|---|---|
| 001 | 000031161 | ||
| 003 | DO-SdBNP | ||
| 005 | 20250227073854.0 | ||
| 007 | ta | ||
| 008 | 110614s1995 dr ao gr 001 edspa d | ||
| 040 |
_aDO-SdBNP _bspa _cBNPHU |
||
| 082 | 4 |
_222 _bR457m |
|
| 100 |
_aReyes Sánchez, Miguel _916027 |
||
| 245 | 1 | 0 |
_aMemoria de la palabra. / _b _cMiguel Reyes Sánchez; Presentación, José Alcántara Almánzar |
| 260 |
_cSanto Domingo : _aBanco Central de la República Dominicana, _b1995 |
||
| 300 |
_a141 p. ; _bil. retr. ; _c21 cm. |
||
| 500 | _aIncluye datos biográficos del autor en la contracubierta. | ||
| 500 | _aIncluye referencias bibliográficas y notas al pie de las páginas | ||
| 590 | _aInventariado, 2021/BT | ||
| 650 | 4 |
_931332 _aEnsayos _xRelatos Personales _zRepública Dominicana |
|
| 650 | 4 |
_9323 _aAutobiografía _xRepública Dominicana |
|
| 700 | 1 |
_aAlcántara Almánzar, José _d1946- _4present. _97018 |
|
| 830 | 0 |
_aMIREX-INESDYC _980495 |
|
| 910 | _aMFeliz | ||
| 942 |
_2ddc _cLBS1 |
||
| 999 |
_c30653 _d30653 |
||